Sociedades Sudamericanas: Lo que dicen jóvenes y adultos sobre las juventudes
Zapisane w:
| Główni autorzy: | , , , , , , , , |
|---|---|
| Format: | Książka |
| Język: | hiszpański portugalski |
| Wydane: |
Río de Janeiro
Ibase
2009
|
| Wydanie: | 1a. ed |
| Hasła przedmiotowe: | |
| Etykiety: |
Dodaj etykietę
Nie ma etykietki, Dołącz pierwszą etykiete!
|
MARC
| LEADER | 00000nam a2200000 a 4500 | ||
|---|---|---|---|
| 001 | UCH4498 | ||
| 003 | CL-VaPUC | ||
| 008 | 090820e20090700BL |||||||||||||||||spa|d | ||
| 020 | |a 9789567914067 | ||
| 041 | 0 | 7 | |a spa |2 CL-VaPUC |
| 041 | 0 | 7 | |a por |2 CL-VaPUC |
| 082 | 0 | 4 | |a 305.242 |b SEG |2 21 |
| 100 | 0 | |a Segovia, Diego |e author |9 540015 | |
| 700 | 0 | |a Ribeiro, Eliane |e author |9 540016 | |
| 700 | 0 | |a Iñiguez, Erick |e author |9 540017 | |
| 700 | |a Ghiardo Soto, Felipe |e author |9 532374 | ||
| 700 | 0 | |a Noboa, Laura |e author |9 540019 | |
| 700 | 0 | |a Dávila, Oscar |e author |9 540020 | |
| 700 | 0 | |a Lánes, Patricia |e author |9 540021 | |
| 700 | 0 | |a Reyes Novaes, Regina |e author |9 540022 | |
| 700 | 0 | |a Filardo, Verónica |e author |9 540023 | |
| 245 | 1 | 0 | |a Sociedades Sudamericanas: Lo que dicen jóvenes y adultos sobre las juventudes |
| 250 | |a 1a. ed | ||
| 300 | |a 322 p | ||
| 942 | |c BK | ||
| 945 | |d 20090820 00:00:00 |a dcastane | ||
| 260 | |a Río de Janeiro |b Ibase |c 2009 | ||
| 650 | 7 | |a JUVENTUDES |2 CL-VaPUC |9 534261 | |
| 650 | 0 | |a Políticas públicas |9 309677 | |
| 650 | 0 | |a Política social |9 257588 | |
| 650 | 0 | |a Aspectos sociales |9 254894 | |
| 650 | 0 | |a Democracia |9 255256 | |
| 650 | 0 | |a Cambio social |9 256857 | |
| 650 | 0 | |a Cambio cultural |9 338163 | |
| 651 | 0 | |a América Latina |9 255027 | |
| 583 | |a last modification |c 20090820 00:00:00 |k Rodrigo Vera | ||
| 999 | |c 335789 |d 335787 | ||
| 952 | |0 0 |1 0 |4 0 |6 305_242000000000000_SEG_2009 |7 0 |8 A |9 426508 |a BIBGIM |b BIBGIM |d 2019-11-22 |i 4591135 |o 305.242 SEG 2009 |p 4591135 |r 2025-01-15 |w 2019-11-22 |y BK |k GIM | ||
| 952 | |0 0 |1 0 |4 0 |6 305_242000000000000_SEG_2009 |7 0 |8 A |9 426509 |a BIBEDU |b BIBEDU |d 2019-11-22 |i 4600525 |o 305.242 SEG 2009 |p 4600525 |r 2019-11-22 |w 2019-11-22 |y BK |k PSI | ||
| 952 | |0 0 |1 0 |4 0 |6 305_242000000000000_SEG_2009 |7 0 |8 A |9 426510 |a BIBHIS |b BIBHIS |d 2019-11-22 |i 460623K |o 305.242 SEG 2009 |p 460623K |r 2025-01-20 |w 2019-11-22 |y BK |k HIS | ||